[Event "LGA Premium Cup"]
[Site "schach.lga.de"]
[Date "2004.09.11"]
[Round "3"]
[White "Deinlein, Albert"]
[Black "Redzepovic, Irfan"]
[Result "0-1"]
[WhiteElo "1621"]
[BlackElo "1926"]
[PlyCount "64"]
[EventDate "2004.09.11"]
[SourceDate "2004.09.10"]

1. d4 Nf6 2. c4 g6 3. Nf3 Bg7 4. Nc3 d5 5. Qc2 O-O 6. e3 c5 7. Nxd5 Nxd5 8.
cxd5 cxd4 9. exd4 Qxd5 10. Bc4 Qh5 11. Be2 Nc6 12. Be3 Qa5+ 13. Qc3 Qb6 14. O-O
Bg4 15. Qd2 Rfd8 16. d5 Qb4 17. Qxb4 Nxb4 18. Rfd1 Rxd5 19. Rxd5 Nxd5 20. h3
Nxe3 21. fxe3 Be6 22. Nd4 Bxd4 23. exd4 Bd5 24. b3 Rc8 25. Bd3 Rc3 26. Rd1 a5
27. Rd2 e6 28. Kf2 Kf8 29. Ke3 a4 30. bxa4 Ra3 31. Rc2 Rxa4 32. Rc8+ Kg7 0-1

[Event "LGA Premium Cup"]
[Site "schach.lga.de"]
[Date "2004.09.11"]
[Round "3"]
[White "Kirch, Florian"]
[Black "Grimm, Pascal"]
[Result "1/2-1/2"]
[WhiteElo "1853"]
[BlackElo "1622"]
[PlyCount "40"]
[EventDate "2004.09.11"]
[SourceDate "2004.09.10"]

1. d4 Nf6 2. c4 g6 3. Nf3 Bg7 4. Qc2 d6 5. e4 Nc6 6. Nc3 e5 7. d5 Ne7 8. Be2
O-O 9. b4 a5 10. Ba3 axb4 11. Bxb4 b6 12. O-O Ne8 13. a4 f5 14. a5 bxa5 15.
Rxa5 Rxa5 16. Bxa5 Nf6 17. Nd2 Bd7 18. Rb1 fxe4 19. Ndxe4 Bf5 20. Rb7 Qa8
1/2-1/2

[Event "LGA Premium Cup"]
[Site "schach.lga.de"]
[Date "2004.09.11"]
[Round "3"]
[White "Reiser, Wolfgang"]
[Black "Balhar, Michael"]
[Result "1-0"]
[WhiteElo "2061"]
[BlackElo "1584"]
[PlyCount "75"]
[EventDate "2004.09.11"]
[SourceDate "2004.09.10"]

1. c4 c5 2. g3 b6 3. Bg2 Nc6 4. Nc3 Nf6 5. e4 d6 6. e5 Nxe5 7. Bxa8 Nd3+ 8. Kf1
Ba6 9. Qa4+ Nd7 10. Be4 Nb4 11. d3 Bc8 12. a3 Na6 13. Nb5 g6 14. Bg5 f6 15. Re1
Kf7 16. Bd5+ Kg7 17. Bf4 e5 18. Bd2 Be7 19. Nxa7 Nc7 20. Nxc8 Nxd5 21. Na7 Nc7
22. Nc6 Qe8 23. b4 Ne6 24. Ne2 cxb4 25. axb4 Nb8 26. b5 Nxc6 27. bxc6 Qc8 28.
Qa7 Nc7 29. Kg2 Bd8 30. Nc3 Rf8 31. Nb5 Rf7 32. Nxd6 Qe6 33. Nxf7 Qxc6+ 34. f3
Kxf7 35. Be3 g5 36. Qxb6 Qa4 37. Rhf1 Ne6 38. Qa7+ 1-0

[Event "LGA Premium Cup"]
[Site "schach.lga.de"]
[Date "2004.09.11"]
[Round "3"]
[White "Anders, Maik"]
[Black "Weiß, Michael"]
[Result "0-1"]
[WhiteElo "1603"]
[BlackElo "1935"]
[PlyCount "49"]
[EventDate "2004.09.11"]
[SourceDate "2004.09.10"]

1. d4 d5 2. Nf3 Nf6 3. Bg5 e6 4. Nbd2 Be7 5. e3 b6 6. Bd3 Bb7 7. c3 Nbd7 8. Ne5
c5 9. O-O Qc7 10. f4 c4 11. Bc2 b5 12. a3 h6 13. Bxf6 Bxf6 14. Nxd7 Qxd7 15.
Nf3 Qe7 16. Ne5 O-O-O 17. Ng4 Rdg8 18. Qf3 h5 19. Ne5 g5 20. Nxf7 g4 21. Qf2
Qxf7 22. f5 e5 23. g3 h4 24. a4 hxg3 25. hxg3 0-1

[Event "LGA Premium Cup"]
[Site "schach.lga.de"]
[Date "2004.09.11"]
[Round "3"]
[White "Riexinger, Martin"]
[Black "Trapp, Maximilian"]
[Result "0-1"]
[WhiteElo "1422"]
[BlackElo "1815"]
[PlyCount "112"]
[EventDate "2004.09.11"]
[SourceDate "2004.09.10"]

1. d4 f5 2. c4 Nf6 3. Nc3 e6 4. Bf4 Bb4 5. Qb3 Bxc3+ 6. Qxc3 Ne4 7. Qa5 d6 8.
Nf3 b6 9. Qb5+ Qd7 10. Qxd7+ Nxd7 11. e3 Bb7 12. Be2 h6 13. h3 Ke7 14. Bh2 Ndf6
15. Nh4 Kf7 16. Rc1 Rhg8 17. Nf3 g5 18. O-O g4 19. hxg4 fxg4 20. Nh4 Ke7 21. g3
Ng5 22. Ng2 Nh3+ 23. Kh1 Ne4 24. Bg1 Raf8 25. Nf4 Nxg3+ 26. Kh2 Nxf1+ 27. Rxf1
Nxf4 28. exf4 Rxf4 29. Kg3 Rxd4 30. Kh2 Rd2 31. Bd1 g3+ 32. Kh3 Bg2+ 33. Kxg2
gxf2+ 34. Kh1 fxg1=Q+ 35. Rxg1 Rxg1+ 36. Kxg1 Rxd1+ 37. Kf2 Kf6 38. c5 Kf5 39.
cxb6 axb6 40. a4 Ke4 41. b4 Rd2+ 42. Kg3 h5 43. a5 h4+ 44. Kxh4 Kf3 45. a6 Rb2
46. a7 Ra2 47. b5 Rxa7 48. Kh5 Ra8 49. Kg6 Rf8 50. Kg7 Rf5 51. Kg6 Kf4 52. Kg7
Kg5 53. Kh7 Rf7+ 54. Kh8 Kg6 55. Kg8 e5 56. Kh8 Rf8# 0-1

[Event "LGA Premium Cup"]
[Site "schach.lga.de"]
[Date "2004.09.11"]
[Round "3"]
[White "Buchal, Werner"]
[Black "Sha, Siyu"]
[Result "0-1"]
[WhiteElo "1791"]
[BlackElo "1279"]
[PlyCount "56"]
[EventDate "2004.09.11"]
[SourceDate "2004.09.10"]

1. d4 Nf6 2. Nf3 g6 3. Nbd2 Bg7 4. e4 d6 5. c3 O-O 6. Be2 Nbd7 7. O-O e5 8. Qc2
Re8 9. d5 a5 10. a4 Nc5 11. b4 axb4 12. cxb4 Na6 13. Ba3 Bd7 14. b5 Nb8 15.
Rac1 c6 16. Bxd6 cxd5 17. Bc7 Qe7 18. a5 Rc8 19. Qb1 Bxb5 20. Bxb8 Rxc1 21.
Rxc1 Bxe2 22. Rc8+ Bf8 23. Bd6 Qxd6 24. Rxa8 dxe4 25. Qxb7 exf3 26. Ra7 Bc4 27.
Qb1 Qxd2 28. gxf3 Bd5 0-1

[Event "LGA Premium Cup"]
[Site "schach.lga.de"]
[Date "2004.09.11"]
[Round "3"]
[White "Hamelrath, Edward"]
[Black "Sarec, Ivica"]
[Result "0-1"]
[WhiteElo "1443"]
[BlackElo "2038"]
[PlyCount "116"]
[EventDate "2004.09.11"]
[SourceDate "2004.09.10"]

1. d4 Nf6 2. c4 c5 3. Nf3 g6 4. Nc3 cxd4 5. Nxd4 Bg7 6. g3 O-O 7. Bg2 Nc6 8.
Nc2 d6 9. O-O Be6 10. Ne3 Qd7 11. a3 Rac8 12. Bd2 Bh3 13. Rb1 Bxg2 14. Nxg2 e5
15. Qa4 Qh3 16. Ne3 Bh6 17. Ncd5 Nd7 18. b4 Kg7 19. f4 Rfe8 20. f5 f6 21. Rf2
Bxe3 22. Nxe3 Nb6 23. Qd1 Nd4 24. Qf1 Qxf1+ 25. Rbxf1 Nxf5 26. Nxf5+ gxf5 27.
Rxf5 Re6 28. R5f3 Nxc4 29. Rc3 d5 30. Rd3 d4 31. Kf2 Rd8 32. Bc1 e4 33. Rdd1
Ne3 34. Bxe3 dxe3+ 35. Ke1 Rxd1+ 36. Kxd1 Rd6+ 37. Ke1 b6 38. Rf4 Rd4 39. Rg4+
Kf7 40. Rh4 Kg6 41. Rg4+ Kf5 42. Rh4 Rd7 43. Rh5+ Ke6 44. g4 Rc7 45. Kd1 Rc3
46. Rxh7 Rxa3 47. h4 Ke5 48. Re7+ Kf4 49. Re6 f5 50. g5 Ra1+ 51. Kc2 Re1 52. g6
Rxe2+ 53. Kd1 Rg2 54. h5 e2+ 55. Kd2 e3+ 56. Rxe3 e1=Q+ 57. Kxe1 Kxe3 58. Kf1
Rg5 0-1

[Event "LGA Premium Cup"]
[Site "schach.lga.de"]
[Date "2004.09.11"]
[Round "3"]
[White "Küffner, Christian"]
[Black "Grasser, Stefan"]
[Result "0-1"]
[WhiteElo "1490"]
[BlackElo "1679"]
[PlyCount "150"]
[EventDate "2004.09.11"]
[SourceDate "2004.09.10"]

1. e4 c5 2. Nf3 Nc6 3. c3 Qb6 4. d4 cxd4 5. cxd4 Qb4+ 6. Nc3 e6 7. Be2 g6 8.
O-O Bg7 9. e5 a6 10. a3 Qb6 11. b4 Nge7 12. Na4 Qc7 13. Bg5 d6 14. Rc1 b5 15.
Nb2 Bb7 16. Nd3 h6 17. Be3 Nd5 18. exd6 Qxd6 19. Nc5 Qe7 20. Nxb7 Qxb7 21. Qd2
Rc8 22. Rc2 Nxe3 23. fxe3 O-O 24. Rfc1 Ne7 25. Rxc8 Rxc8 26. Rxc8+ Qxc8 27. Kf2
Nd5 28. Bd3 Qc7 29. Qc2 Qxc2+ 30. Bxc2 Kf8 31. Ne5 Bxe5 32. dxe5 Nb6 33. Bb3
Ke7 34. e4 Nd7 35. Ke3 Nxe5 36. h3 Kd6 37. a4 bxa4 38. Bxa4 Nc4+ 39. Kd4 Nb6
40. Bd1 e5+ 41. Kc3 Nd7 42. Be2 Nb8 43. Bc4 Ke7 44. Kb3 f5 45. exf5 gxf5 46.
Kc3 Kd6 47. Kd2 Nc6 48. Bxa6 Nxb4 49. Bc8 f4 50. Bf5 Kd5 51. Ke2 e4 52. Bg4 Kd4
53. Bh5 Nc2 54. Kf2 e3+ 55. Ke2 Ke5 56. Kd1 Nd4 57. Ke1 Kf5 58. h4 Ke4 59. Bf3+
Ke5 60. Bh5 Nf5 61. Bf3 Nxh4 62. Bb7 Kf5 63. Bc6 Kg4 64. Bb7 Kg3 65. Kf1 Nf5
66. Bc6 Nd4 67. Bb7 h5 68. Bd5 h4 69. Be4 f3 70. gxf3 Nxf3 71. Ke2 Ng5 72. Bb7
Kf4 73. Bc6 h3 74. Bb7 h2 75. Bc6 Ne4 0-1

[Event "LGA Premium Cup"]
[Site "schach.lga.de"]
[Date "2004.09.11"]
[Round "3"]
[White "Stutz, Robert"]
[Black "Niederkleine, Ingmar"]
[Result "1-0"]
[WhiteElo "1686"]
[BlackElo "1577"]
[PlyCount "92"]
[EventDate "2004.09.11"]
[SourceDate "2004.09.10"]

1. e4 c5 2. Nf3 e6 3. c3 d5 4. e5 d4 5. cxd4 cxd4 6. Qa4+ Nc6 7. Bb5 Qd5 8.
Bxc6+ bxc6 9. Qxd4 Bc5 10. Qxd5 exd5 11. d4 Bb6 12. O-O Bg4 13. Be3 Ne7 14.
Nbd2 O-O 15. Nb3 h6 16. Rac1 Rac8 17. Nfd2 Rc7 18. Rfe1 Rfc8 19. f3 Bd7 20. Nf1
Nf5 21. Bf2 g6 22. Ng3 Ng7 23. Nc5 Bxc5 24. Rxc5 Ne6 25. Rc3 c5 26. Rec1 cxd4
27. Rxc7 Rxc7 28. Rxc7 Nxc7 29. Bxd4 a6 30. Kf2 Kf8 31. h4 h5 32. Nf1 Ke7 33.
Nh2 Ke6 34. g4 Nb5 35. Ke3 Bc6 36. Nf1 Ke7 37. gxh5 gxh5 38. Ng3 Nxd4 39. Kxd4
Ke6 40. f4 f6 41. Nxh5 fxe5+ 42. fxe5 Kf5 43. Nf6 Bb7 44. a4 a5 45. Nxd5 Kg4
46. Kc5 Kxh4 1-0

[Event "LGA Premium Cup"]
[Site "schach.lga.de"]
[Date "2004.09.11"]
[Round "3"]
[White "Kittler, Alexander"]
[Black "Dehmel, Steffi"]
[Result "0-1"]
[WhiteElo "1271"]
[BlackElo "1791"]
[PlyCount "42"]
[EventDate "2004.09.11"]
[SourceDate "2004.09.10"]

1. e4 c5 2. Nf3 Nc6 3. d4 cxd4 4. Nxd4 Nf6 5. Nc3 e5 6. Nxc6 bxc6 7. Bc4 Bb4 8.
Bd2 O-O 9. O-O d6 10. Qe2 Re8 11. Rfe1 Be6 12. Rad1 Bc5 13. Bg5 h6 14. Bh4 g5
15. Bg3 Bg4 16. Qd2 Bxd1 17. Qxd1 Qd7 18. Qf3 Kg7 19. Rd1 Bb6 20. Qe3 Rad8 21.
Kh1 Nh5 0-1

[Event "LGA Premium Cup"]
[Site "schach.lga.de"]
[Date "2004.09.11"]
[Round "3"]
[White "Hennemann, Herbert"]
[Black "Dreiseitel, Werner"]
[Result "0-1"]
[WhiteElo "1546"]
[BlackElo "1278"]
[PlyCount "128"]
[EventDate "2004.09.11"]
[SourceDate "2004.09.10"]

1. d4 d5 2. Nf3 c6 3. e3 Nf6 4. Be2 e6 5. O-O Bd6 6. c4 dxc4 7. Bxc4 b5 8. Bd3
Nbd7 9. e4 Be7 10. Bf4 a6 11. h3 Bb7 12. Nbd2 O-O 13. Ng5 h6 14. Ngf3 c5 15.
Rc1 Rc8 16. Bb1 cxd4 17. Nxd4 e5 18. Rxc8 Qxc8 19. Nf5 Bc5 20. Be3 Kh7 21. Kh1
Bxe3 22. Nxe3 g6 23. f4 Nh5 24. Nf5 Nxf4 25. Nd6 Qc7 26. Nf3 Kg7 27. Nxe5 Nxe5
28. Rxf4 Rd8 29. Rxf7+ Nxf7 30. Qd4+ Kf8 31. e5 Nxd6 32. exd6 Qxd6 33. Qh8+ Ke7
34. Qg7+ Ke6 35. Qxg6+ Kd5 36. Qf5+ Kd4 37. b4 Kc3 38. Qc2+ Kxb4 39. Qb3+ Ka5
40. Qc3+ Kb6 41. Qe3+ Qd4 42. Qxh6+ Rd6 43. Qf8 Rf6 44. Qb8 Rf1+ 45. Kh2 Rxb1
46. a4 Qg1+ 47. Kg3 Qxg2+ 48. Kh4 Rb4+ 49. Kh5 Qxh3+ 50. Kg5 Rg4+ 51. Kf6 Qf3+
52. Ke6 Re4+ 53. Kd7 Qd3+ 54. Qd6+ Qxd6+ 55. Kxd6 Rxa4 56. Ke5 b4 57. Kd4 Kb5
58. Kd3 b3 59. Kc3 Rb4 60. Kb2 a5 61. Ka1 b2+ 62. Kb1 Be4+ 63. Ka2 b1=Q+ 64.
Ka3 Qb2# 0-1

[Event "LGA Premium Cup"]
[Site "schach.lga.de"]
[Date "2004.09.11"]
[Round "3"]
[White "Zeug, KLaus-Peter"]
[Black "Müller, Georg"]
[Result "1-0"]
[WhiteElo "1510"]
[BlackElo "1100"]
[PlyCount "71"]
[EventDate "2004.09.11"]
[SourceDate "2004.09.10"]

1. e4 e5 2. Nf3 Nc6 3. Bc4 Nf6 4. Ng5 Bc5 5. Nxf7 Bxf2+ 6. Kf1 Qe7 7. Nxh8 Nxe4
8. Qf3 Bd4 9. Qxe4 d6 10. Qf3 Be6 11. Bxe6 Qxe6 12. c3 e4 13. Qf4 Be5 14. Qxe4
O-O-O 15. d4 Rf8+ 16. Kg1 Bxh2+ 17. Kxh2 Qxe4 18. Nd2 Qg4 19. Nf3 h5 20. Bg5
Rxh8 21. Rae1 h4 22. Kg1 h3 23. Rh2 Qg3 24. Re4 d5 25. Rh4 Rxh4 26. Bxh4 Qg4
27. Rxh3 Na5 28. Bg3 Nc4 29. b3 Ne3 30. Rh8+ Kd7 31. Ne5+ Ke6 32. Nxg4 Nxg4 33.
Bxc7 Ne3 34. Re8+ Kd7 35. Rxe3 Kxc7 36. Re7+ 1-0

[Event "LGA Premium Cup"]
[Site "schach.lga.de"]
[Date "2004.09.11"]
[Round "3"]
[White "Lingl, Xenia"]
[Black "Frank, Gerhard"]
[Result "0-1"]
[WhiteElo "1215"]
[BlackElo "1507"]
[PlyCount "52"]
[EventDate "2004.09.11"]
[SourceDate "2004.09.10"]

1. e4 e5 2. Bc4 Nf6 3. d3 Nc6 4. f4 Be7 5. Nf3 d6 6. O-O Bg4 7. h3 Be6 8. Bb3
Qd7 9. f5 Bxb3 10. axb3 d5 11. Qe2 dxe4 12. dxe4 O-O-O 13. Be3 Kb8 14. Nc3 a6
15. Bf2 Nd4 16. Bxd4 exd4 17. Ne5 Qe8 18. Nd1 Bc5 19. Nd3 Qc6 20. Ne5 d3+ 21.
Kh1 dxe2 22. Nxc6+ bxc6 23. Re1 exd1=Q 24. Rexd1 Nxe4 25. Re1 Ng3+ 26. Kh2 Nxf5
0-1

[Event "LGA Premium Cup"]
[Site "schach.lga.de"]
[Date "2004.09.11"]
[Round "3"]
[White "Leis, Stefan"]
[Black "Rösch, Daniel"]
[Result "0-1"]
[WhiteElo "1067"]
[BlackElo "1473"]
[PlyCount "24"]
[EventDate "2004.09.11"]
[SourceDate "2004.09.10"]

1. e4 d6 2. d4 g6 3. Nf3 Bg7 4. c4 Bg4 5. h3 Bxf3 6. Qxf3 Bxd4 7. Bg5 Bxb2 8.
Nd2 Bxa1 9. Nb3 Bg7 10. e5 c6 11. c5 dxc5 12. Nxc5 Qa5+ 0-1

[Event "LGA Premium Cup"]
[Site "schach.lga.de"]
[Date "2004.09.11"]
[Round "3"]
[White "Bildt, Maximilian"]
[Black "Schäfer, Ann-Kathrin"]
[Result "1-0"]
[WhiteElo "1462"]
[BlackElo "1010"]
[PlyCount "67"]
[EventDate "2004.09.11"]
[SourceDate "2004.09.10"]

1. e4 e5 2. f4 d6 3. Nf3 Nc6 4. Bc4 Nf6 5. Ng5 d5 6. exd5 Nxd5 7. Nc3 Be6 8.
Nxe6 fxe6 9. O-O Bc5+ 10. Kh1 O-O 11. Qg4 Qe7 12. d3 Be3 13. Nxd5 exd5 14.
Bxd5+ Kh8 15. Bxe3 Rad8 16. Bxc6 bxc6 17. Bxa7 Rf7 18. fxe5 Rdf8 19. Qe2 Qb4
20. c3 Qb7 21. Bc5 Re8 22. Rxf7 Qc8 23. Raf1 Kg8 24. Qf2 h6 25. Rf8+ Kh7 26.
Rxe8 Qxe8 27. Qf5+ Kh8 28. Qf8+ Qxf8 29. Rxf8+ Kh7 30. e6 h5 31. e7 Kh6 32.
e8=Q g6 33. Be3+ Kg7 34. Qf7# 1-0

[Event "LGA Premium Cup"]
[Site "schach.lga.de"]
[Date "2004.09.11"]
[Round "3"]
[White "Stephan, Gilbert"]
[Black "Zier, Oliver"]
[Result "0-1"]
[WhiteElo "1009"]
[BlackElo "1444"]
[PlyCount "68"]
[EventDate "2004.09.11"]
[SourceDate "2004.09.10"]

1. d4 d5 2. e3 e6 3. Nc3 c5 4. Nf3 Nf6 5. Bb5+ Nc6 6. O-O Be7 7. b3 a6 8. Bxc6+
bxc6 9. Ne5 Qc7 10. Na4 cxd4 11. Qxd4 c5 12. Nxc5 Bxc5 13. Qf4 Bd6 14. Qg5 Bxe5
15. Rb1 O-O 16. f4 Bd6 17. f5 exf5 18. Rxf5 Bxf5 19. Qxf5 Ne4 20. Bb2 Qxc2 21.
Rf1 Qxb2 22. Qxd5 Rfe8 23. Qxf7+ Kh8 24. Qf3 Qd2 25. Rd1 Qf2+ 26. Qxf2 Nxf2 27.
Kxf2 Bc5 28. Re1 Re5 29. Kf3 Rf8+ 30. Ke2 Rxe3+ 31. Kd1 Rd8+ 32. Kc2 Rxe1 33.
Kc3 Ba3 34. Kc2 Rc1# 0-1

[Event "LGA Premium Cup"]
[Site "schach.lga.de"]
[Date "2004.09.11"]
[Round "3"]
[White "Lingl, Peter"]
[Black "Hennch, Thomas"]
[Result "1-0"]
[WhiteElo "1393"]
[BlackElo "794"]
[PlyCount "81"]
[EventDate "2004.09.11"]
[SourceDate "2004.09.10"]

1. e4 e5 2. Nf3 Nc6 3. Bc4 Bc5 4. Nxe5 Nxe5 5. d4 Nxc4 6. dxc5 Nf6 7. Qd4 Na5
8. e5 Nc6 9. Qc3 Qe7 10. O-O Nxe5 11. Re1 d6 12. Bf4 Nf3+ 13. gxf3 Be6 14. Kh1
Rg8 15. Rg1 g6 16. Nd2 Nd5 17. Qd4 g5 18. Ne4 O-O-O 19. Nxg5 f6 20. Nxe6 Qxe6
21. Bd2 Qf5 22. Rxg8 Rxg8 23. Qe4 Qh3 24. Rg1 Rxg1+ 25. Kxg1 c6 26. cxd6 Qd7
27. c4 f5 28. Qe5 Nb6 29. b3 Na8 30. Bg5 b5 31. Qh8+ Kb7 32. c5 Qf7 33. Qd8 Qg7
34. f4 h6 35. d7 a6 36. Qc8+ Ka7 37. d8=Q Qb7 38. Qxb7+ Kxb7 39. Be7 Nc7 40.
Bd6 a5 41. Qxc7+ 1-0